Southville International School and Colleges
Your cart is empty.
  • Cart
  • Lists
    Public lists Eva Luna New books Lux_list list_1
    Your lists Log in to create your own lists
  • Log in to your account
  • Your cookies
  • Search history
Southville International School and Colleges
  • Advanced search
  • Recent comments
  • Most popular
  • Libraries

Log in to your account

Log in with GOOGLE


If you do not have an external account, but do have a local account, you can still log in:

  1. Home
  2. MARC view: MySQL tutorial /
Normal view MARC view ISBD view

MySQL tutorial / (Record no. 39320)

[ view plain ]
MARC details
000 -LEADER
fixed length control field 00545nam a2200205 a 4500
005 - DATE AND TIME OF LATEST TRANSACTION
control field 20140311163006.0
008 - FIXED-LENGTH DATA ELEMENTS--GENERAL INFORMATION
fixed length control field 040908s19uu xx 00 eng d
020 ## - INTERNATIONAL STANDARD BOOK NUMBER
International Standard Book Number 0672325845
050 ## - LIBRARY OF CONGRESS CALL NUMBER
Classification number QA 76.73.S67
Item number .W45 2004
100 ## - MAIN ENTRY--PERSONAL NAME
Personal name Welling, Luke
245 ## - TITLE STATEMENT
Title MySQL tutorial /
Statement of responsibility, etc Luke Welling.
260 ## - PUBLICATION, DISTRIBUTION, ETC. (IMPRINT)
Place of publication, distribution, etc U.S.A :
Name of publisher, distributor, etc Sams Publishing,
Date of publication, distribution, etc 2004.
300 ## - PHYSICAL DESCRIPTION
Extent 267 p. :
Dimensions 25 cm.
500 ## - GENERAL NOTE
General note Includes index.
521 ## - TARGET AUDIENCE NOTE
Target audience note
650 ## - SUBJECT ADDED ENTRY--TOPICAL TERM
Topical term or geographic name as entry element Computer programming language.
700 ## - ADDED ENTRY--PERSONAL NAME
Personal name Thomson, Laura
942 ## - ADDED ENTRY ELEMENTS (KOHA)
Koha item type Books
Source of classification or shelving scheme Library of Congress Classification
Call number prefix Foreign
Holdings
Withdrawn status Lost status Source of classification or shelving scheme Damaged status Home library Current library Shelving location Date acquired Source of acquisition Cost, normal purchase price Total Checkouts Total Renewals Full call number Barcode Date last seen Date checked out Copy number Price effective from Koha item type
    Library of Congress Classification   College Library College Library General Circulation Section 09/08/2004   2550.00 1 2 QA 76.73.S67 .W45 2004 C5182 05/15/2018 02/05/2016 1 10/10/2013 Books

MySQL tutorial /

APA

Welling L., Thomson L., . (2004). MySQL tutorial. U.S.A: Sams Publishing.

Chicago

Welling Luke, Thomson Laura, . 2004. MySQL tutorial. U.S.A: Sams Publishing.

Harvard

Welling L., Thomson L., . (2004). MySQL tutorial. U.S.A: Sams Publishing.

MLA

Welling Luke, Thomson Laura, . MySQL tutorial. U.S.A: Sams Publishing. 2004.

  • Place hold
  • Print
  • Cite
  • Add to your cart (remove)
  • Save record
    BIBTEX Dublin Core MARCXML MARC (non-Unicode/MARC-8) MARC (Unicode/UTF-8) MARC (Unicode/UTF-8, Standard) MODS (XML) RIS
  • More searches
    Search for this title in:
    Other Libraries (WorldCat) Other Databases (Google Scholar) Online Stores (Bookfinder.com) Open Library (openlibrary.org)

Exporting to Dublin Core...

SOUTHVILLE LIBRARY

Southville International School and Colleges Library

1281 Tropical Ave. Cor. Luxembourg St., BF Homes International, Las Pinas City

Tel. No. 8256374 / 252358 Loc. 117/146

Powered by Koha